[Event "IMSA World Masters Rapid"]
[Site "Hengshui CHN"]
[Date "2019.05.14"]
[Round "4.3"]
[White "Gelfand, Boris"]
[Black "Le, Quang Liem"]
[Result "1/2-1/2"]
[WhiteTitle "GM"]
[BlackTitle "GM"]
[WhiteElo "2676"]
[BlackElo "2704"]
[WhiteFideId "2805677"]
[BlackFideId "12401137"]
[EventDate "2019.05.14"]

1. c4 e5 2. Nc3 Nf6 3. Nf3 Nc6 4. g3 d5 5. cxd5 Nxd5 6. Bg2 Nb6 7. O-O Be7 8. a3
O-O 9. b4 Re8 10. d3 Bf8 11. Bg5 f6 12. Be3 Be6 13. Ne4 Nd5 14. Bc5 Bd6 15. Qc2
Rc8 16. Rfc1 Qd7 17. Ned2 b6 18. Bxd6 cxd6 19. Qb2 b5 20. Rc2 Nb6 21. Rac1 Ne7
22. d4 Na4 23. Qb1 Nd5 24. Rxc8 Rxc8 25. Rxc8+ Qxc8 26. e4 Ndc3 27. Qe1 a6 28.
Bf1 Kf8 29. d5 Bd7 30. Nb3 f5 31. Nfd2 Nxe4 32. Nxe4 fxe4 33. Qxe4 Kg8 34. Qh4
Nb6 35. Bd3 g6 36. Be4 Nc4 37. Na5 Nxa5 38. bxa5 Bh3 39. Bc2 Qxc2 40. Qxh3 Qd1+
41. Kg2 Qxd5+ 42. Kg1 Qc5 43. Qe6+ Kg7 44. Qe7+ Kg8 45. Qe8+ Kg7 46. Qe7+ Kg8
47. Qe8+ Kg7 1/2-1/2

[Event "IMSA World Masters Rapid"]
[Site "Hengshui CHN"]
[Date "2019.05.14"]
[Round "4.4"]
[White "Yu, Yangyi"]
[Black "Korobov, Anton"]
[Result "0-1"]
[WhiteTitle "GM"]
[BlackTitle "GM"]
[WhiteElo "2739"]
[BlackElo "2687"]
[WhiteFideId "8603820"]
[BlackFideId "14105730"]
[EventDate "2019.05.14"]

1. d4 d5 2. c4 c6 3. Nf3 Nf6 4. Nc3 e6 5. Bg5 h6 6. Bxf6 Qxf6 7. e3 Nd7 8. Be2
g6 9. O-O Bg7 10. cxd5 exd5 11. b4 a6 12. a4 O-O 13. b5 a5 14. Rc1 Re8 15. Qb3
Qd6 16. Rfd1 Nf8 17. Nb1 Bd7 18. Qa3 Qb4 19. Ne1 Ne6 20. Nc2 Qxa3 21. Nbxa3 Bf8
22. Rb1 c5 23. Bf3 cxd4 24. Bxd5 dxe3 25. Bxb7 exf2+ 26. Kf1 Rad8 27. Rxd7 Rxd7
28. Bc6 Red8 29. Bxd7 Rxd7 30. b6 Nd8 31. Nc4 Nb7 32. Kxf2 Rd3 33. Ke2 Rc3 34.
N2e3 Bb4 35. Rd1 Rb3 36. Rd7 Nc5 37. Rc7 Ne6 38. Rc8+ Bf8 39. Nd5 Kg7 40. Nxa5
Rb2+ 41. Kd3 Nc5+ 42. Rxc5 Bxc5 43. b7 Bd6 44. Nc4 Rxb7 45. Nxd6 Rb2 46. a5 Rxg2
47. Nc3 Rxh2 48. a6 Rh1 49. Ne8+ Kf8 50. Nc7 Ra1 51. N3b5 h5 52. a7 h4 53. Ke2
h3 54. Kf2 h2 55. a8=Q+ Rxa8 56. Kg2 Ra2+ 57. Kh1 g5 58. Nd6 g4 59. Nf5 Rf2 60.
Ng3 f5 61. Nd5 f4 62. Nxf4 Rxf4 63. Kxh2 Kf7 64. Kg2 Kg6 65. Nf1 Ra4 0-1

[Event "IMSA World Masters Rapid"]
[Site "Hengshui CHN"]
[Date "2019.05.14"]
[Round "4.5"]
[White "Rapport, Richard"]
[Black "Andreikin, Dmitry"]
[Result "0-1"]
[WhiteTitle "GM"]
[BlackTitle "GM"]
[WhiteElo "2736"]
[BlackElo "2722"]
[WhiteFideId "738590"]
[BlackFideId "4158814"]
[EventDate "2019.05.14"]

1. e4 e5 2. Bc4 Nc6 3. d3 Nf6 4. Nc3 Bb4 5. Ne2 d5 6. exd5 Nxd5 7. O-O Be6 8.
Bxd5 Bxd5 9. f4 O-O 10. f5 Bxc3 11. bxc3 f6 12. Ng3 b5 13. Ba3 Rf7 14. Bc5 Nb8
15. a4 Nd7 16. Be3 a6 17. Qg4 Bc6 18. axb5 axb5 19. Rfb1 Nb6 20. Bxb6 cxb6 21.
Qb4 Ra5 22. Nf1 Bxg2 23. Ne3 Bc6 24. Rxa5 bxa5 25. Qc5 Be8 26. c4 b4 27. Nd5 Rb7
28. Kf2 h6 29. Ke3 Kh7 30. Kd2 Qd7 31. Rf1 b3 32. cxb3 Rxb3 33. Qxa5 Bf7 34. Kc2
Rb7 35. Kd2 Rb2+ 36. Kc3 Qb7 37. Nb4 Rxh2 38. Rg1 Qf3 39. Qa7 Qe2 40. Qa1 e4 41.
Rg3 exd3 42. Rxd3 Rh4 0-1

[Event "IMSA World Masters Rapid"]
[Site "Hengshui CHN"]
[Date "2019.05.14"]
[Round "4.6"]
[White "Mamedov, Rauf"]
[Black "Ponomariov, Ruslan"]
[Result "0-1"]
[WhiteTitle "GM"]
[BlackTitle "GM"]
[WhiteElo "2650"]
[BlackElo "2675"]
[WhiteFideId "13401653"]
[BlackFideId "14103320"]
[EventDate "2019.05.14"]

1. e4 e5 2. Nf3 Nc6 3. d4 exd4 4. Bc4 Bc5 5. Ng5 Nh6 6. Nxf7 Nxf7 7. Bxf7+ Kxf7
8. Qh5+ g6 9. Qxc5 d5 10. O-O dxe4 11. c3 Bf5 12. Bf4 Re8 13. Na3 a6 14. Rad1 d3
15. Nc4 Qe7 16. Qe3 Kg8 17. Qg3 Be6 18. Nd2 Bxa2 19. Rfe1 Qf7 20. Nxe4 Bd5 21.
Ng5 Rxe1+ 22. Rxe1 Re8 23. Rxe8+ Qxe8 24. Qxd3 Qe1+ 25. Qf1 Qxf1+ 26. Kxf1 Na5
27. Bxc7 Nc4 28. b4 b6 29. Ke2 a5 30. bxa5 bxa5 31. Kd3 a4 32. Kc2 Bxg2 33. f3
h6 34. Ne4 Bxf3 35. Nd2 Ne3+ 36. Kd3 Nd5 37. Bd6 Bg2 38. c4 Nf6 39. Kd4 Kf7 40.
Nb1 Ke6 41. Bf8 h5 42. Nc3 Bc6 43. Kc5 Be8 44. Kb4 Ng4 45. h4 Ne3 46. Nd5 Nf5
47. Nc7+ Kd7 48. Na6 Kc8 49. Ka5 Nxh4 50. Kb6 Nf5 51. Nc7 Bf7 52. c5 a3 53. Nb5
a2 54. Na7+ Kd8 55. c6 Be6 0-1

[Event "IMSA World Masters Rapid"]
[Site "Hengshui CHN"]
[Date "2019.05.14"]
[Round "4.8"]
[White "Leko, Peter"]
[Black "Jones, Gawain C B"]
[Result "1/2-1/2"]
[WhiteTitle "GM"]
[BlackTitle "GM"]
[WhiteElo "2674"]
[BlackElo "2702"]
[WhiteFideId "703303"]
[BlackFideId "409561"]
[EventDate "2019.05.14"]

1. d4 Nf6 2. c4 g6 3. g3 c6 4. Bg2 d5 5. Qa4 Bg7 6. Nf3 O-O 7. O-O Nbd7 8. cxd5
cxd5 9. Bf4 Nb6 10. Qb3 Bf5 11. Nc3 Ne4 12. Rfc1 Qd7 13. Ne5 Bxe5 14. Bxe5 Rfc8
15. Nxe4 Bxe4 16. f3 Bf5 17. g4 Be6 18. Bf4 Rc4 19. Qd1 Rac8 20. b3 Rxc1 21.
Rxc1 Rc6 22. Kf2 Nc8 23. Rxc6 Qxc6 24. Qc1 Qxc1 25. Bxc1 f6 26. h3 Bd7 27. e4
Bc6 28. e5 Kf7 29. f4 e6 30. Bf1 Bd7 31. Ke3 Ne7 32. Ba3 Nc6 33. Bc5 a6 34. Bd3
Na5 35. Bb6 Nc6 36. a4 f5 37. Be2 Kg7 38. Bc5 Na5 39. Bd1 b5 40. Bb6 Nc6 41.
axb5 axb5 42. Bf3 Kf7 43. Bc5 Na5 44. Bd1 Nc6 45. Kd3 b4 46. Ke3 Kg7 47. Bf3 Bc8
48. Be2 Bb7 49. Bb5 Kf7 50. Ba4 Kg7 51. Kf3 Ba8 52. Kg3 Bb7 53. Kh4 Ba8 54. Kg3
Bb7 55. Kf2 Kf7 56. Ke3 Ba8 57. Bb5 Bb7 58. Bd3 Kg7 59. Kf3 Kf7 60. Bb6 Nb8 61.
Bb5 Nc6 62. Bc5 Kg7 63. h4 h5 64. gxh5 gxh5 65. Ke3 Kg6 66. Kd2 Kf7 67. Kc2 Kg7
68. Kb2 Kf7 69. Ka2 Kg7 70. Bxc6 Bxc6 71. Bxb4 Kf7 72. Ka3 Ke8 73. Ba5 Bb5 74.
Kb4 Be2 75. Kc5 Kd7 76. b4 Bf1 77. b5 Be2 78. Bb6 Bf1 79. Ba7 Be2 80. Bb8 Bf1
81. Bd6 Be2 82. Kb6 Bf1 83. Bf8 Be2 84. Bh6 Bf1 85. Bg5 Be2 86. Kc5 Bf1 87. b6
Ba6 88. Bf6 Bb7 89. Kb5 Bc8 90. Be7 Bb7 91. Bf8 Ke8 92. Kc5 Kd7 93. Kb5 Ke8 94.
Bd6 Kd7 95. Kc5 Bc8 1/2-1/2

[Event "IMSA World Masters Rapid"]
[Site "Hengshui CHN"]
[Date "2019.05.15"]
[Round "5.1"]
[White "Dominguez Perez, Leinier"]
[Black "Andreikin, Dmitry"]
[Result "1-0"]
[WhiteTitle "GM"]
[BlackTitle "GM"]
[WhiteElo "2750"]
[BlackElo "2722"]
[WhiteFideId "3503240"]
[BlackFideId "4158814"]
[EventDate "2019.05.14"]

1. e4 d5 2. exd5 Qxd5 3. Nc3 Qd6 4. d4 Nf6 5. Nf3 c6 6. h3 g6 7. Bc4 Be6 8. Bb3
Bxb3 9. axb3 Qe6+ 10. Ne5 Nbd7 11. O-O Nxe5 12. dxe5 Qxe5 13. Re1 Qf5 14. g4 Qd7
15. Qf3 Bg7 16. Bg5 O-O 17. Rad1 Qe8 18. Bxf6 Bxf6 19. Ne4 Qc8 20. Nxf6+ exf6
21. Qxf6 h5 22. Re7 hxg4 23. Rdd7 gxh3 24. Rxf7 1-0

[Event "IMSA World Masters Rapid"]
[Site "Hengshui CHN"]
[Date "2019.05.15"]
[Round "5.2"]
[White "Le, Quang Liem"]
[Black "Fedoseev, Vladimir3"]
[Result "1/2-1/2"]
[WhiteTitle "GM"]
[BlackTitle "GM"]
[WhiteElo "2704"]
[BlackElo "2683"]
[WhiteFideId "12401137"]
[BlackFideId "24130737"]
[EventDate "2019.05.14"]

1. e4 e5 2. Nf3 Nf6 3. Nxe5 d6 4. Nd3 Nxe4 5. Qe2 Qe7 6. Nc3 Nf6 7. Nf4 c6 8. d4
Qxe2+ 9. Bxe2 Bf5 10. Bd3 Bxd3 11. Nxd3 Nbd7 12. O-O Nb6 13. Re1+ Kd7 14. a4 a5
15. b3 Be7 16. Bd2 Rhe8 17. f3 Nfd5 18. Ne2 Bf6 19. Rac1 Ne7 20. g4 h6 21. c3
Nbd5 22. Ng3 Bg5 23. f4 Bh4 24. Kg2 f5 25. h3 Nf6 26. Nf2 g6 27. c4 fxg4 28.
hxg4 h5 29. g5 Bxg3 30. Kxg3 Nf5+ 31. Kh3 Ng4 32. Nxg4 hxg4+ 33. Kxg4 Rxe1 34.
Bxe1 Re8 35. Bf2 Re2 36. Kf3 Rb2 37. Rc3 Rd2 38. Be3 Rh2 39. d5 Rh3+ 40. Kf2
Rh2+ 41. Kf3 Rh3+ 42. Kf2 Rh2+ 43. Kf3 Rh3+ 1/2-1/2

[Event "IMSA World Masters Rapid"]
[Site "Hengshui CHN"]
[Date "2019.05.15"]
[Round "5.3"]
[White "Korobov, Anton"]
[Black "Cheparinov, Ivan"]
[Result "1-0"]
[WhiteTitle "GM"]
[BlackTitle "GM"]
[WhiteElo "2687"]
[BlackElo "2667"]
[WhiteFideId "14105730"]
[BlackFideId "2905540"]
[EventDate "2019.05.14"]

1. d4 Nf6 2. c4 e6 3. Nc3 Bb4 4. e3 O-O 5. Ne2 d5 6. a3 Be7 7. cxd5 exd5 8. Nf4
c6 9. Bd3 Na6 10. O-O Nc7 11. f3 Re8 12. Kh1 b6 13. g4 Ne6 14. b4 Nxf4 15. exf4
Bb7 16. Qc2 c5 17. g5 Nh5 18. Bxh7+ Kf8 19. bxc5 bxc5 20. Rb1 Bc6 21. Bf5 Bd6
22. Ne2 Qe7 23. dxc5 Bxc5 24. Bg4 Qxe2 25. Qxc5+ Kg8 26. Kg1 Rac8 27. Bxh5 Ba4
28. Qf2 1-0

[Event "IMSA World Masters Rapid"]
[Site "Hengshui CHN"]
[Date "2019.05.15"]
[Round "5.4"]
[White "Ponomariov, Ruslan"]
[Black "Gelfand, Boris"]
[Result "1/2-1/2"]
[WhiteTitle "GM"]
[BlackTitle "GM"]
[WhiteElo "2675"]
[BlackElo "2676"]
[WhiteFideId "14103320"]
[BlackFideId "2805677"]
[EventDate "2019.05.14"]

1. e4 e5 2. Nf3 Nf6 3. Nxe5 d6 4. Nf3 Nxe4 5. d4 d5 6. Bd3 Be7 7. O-O Bf5 8. Ne5
Nd7 9. Nc3 Nxc3 10. bxc3 Bxd3 11. cxd3 O-O 12. Rb1 Rb8 13. f4 f6 14. Ng4 f5 15.
Ne5 Nxe5 16. fxe5 Qd7 17. Rb2 b5 18. Be3 a5 19. Rbf2 b4 20. cxb4 axb4 21. Qh5
Qe8 22. Qe2 Qg6 23. g3 Ra8 24. Kg2 Ra3 25. Rc1 c6 26. Rc2 Rfa8 27. Bc1 R3a6 28.
Be3 Qe6 29. Qf3 Ra3 30. Bc1 R3a6 31. Be3 Ra3 32. Bc1 R3a6 33. Be3 Ra3 1/2-1/2

[Event "IMSA World Masters Rapid"]
[Site "Hengshui CHN"]
[Date "2019.05.15"]
[Round "5.5"]
[White "Vidit, Santosh Gujrathi"]
[Black "Leko, Peter"]
[Result "1-0"]
[WhiteTitle "GM"]
[BlackTitle "GM"]
[WhiteElo "2707"]
[BlackElo "2674"]
[WhiteFideId "5029465"]
[BlackFideId "703303"]
[EventDate "2019.05.14"]

1. d4 Nf6 2. c4 e6 3. g3 d5 4. Bg2 Be7 5. Nf3 O-O 6. Nc3 dxc4 7. Ne5 c5 8. dxc5
Qxd1+ 9. Nxd1 Bxc5 10. Ne3 c3 11. bxc3 Nbd7 12. Nd3 Rb8 13. Nc4 b6 14. Bf4 Bb7
15. Bxb8 Bxg2 16. Bd6 Bxh1 17. Bxf8 Kxf8 18. f3 b5 19. Nxc5 Nxc5 20. Ne3 Nfe4
21. fxe4 Bxe4 22. a3 Ke7 23. c4 bxc4 24. Rc1 f5 25. Nxc4 Ba8 26. Ne5 Kd6 27.
Nf7+ Kd5 28. Rd1+ Kc4 29. Nd6+ Kb3 30. Rb1+ Ka2 31. Rc1 Nb3 32. Rc7 a5 33. a4 g5
34. Rxh7 g4 35. Ra7 Bd5 36. Nb5 Kb2 37. e3 e5 38. Re7 Nc5 39. Ra7 Nb3 40. Rd7
Bc4 41. Nd6 Bd5 42. Re7 Nc5 43. Nxf5 Bb3 44. Nd6 Kc3 45. Ke2 Bxa4 46. Rxe5 Kb4
47. Rd5 Bd7 48. Rd4+ Kb3 49. Kd2 a4 50. Kc1 a3 51. Kb1 a2+ 52. Ka1 Be6 53. Ne4
Na6 54. Rd2 Ka3 55. Nc3 Nb4 56. Nb5+ Ka4 57. Nd4 Bd5 58. Nc2 1-0

[Event "IMSA World Masters Rapid"]
[Site "Hengshui CHN"]
[Date "2019.05.15"]
[Round "5.6"]
[White "Yu, Yangyi"]
[Black "Bu, Xiangzhi"]
[Result "1/2-1/2"]
[WhiteTitle "GM"]
[BlackTitle "GM"]
[WhiteElo "2739"]
[BlackElo "2729"]
[WhiteFideId "8603820"]
[BlackFideId "8601445"]
[EventDate "2019.05.14"]

1. e4 e5 2. Nf3 Nf6 3. Nxe5 d6 4. Nf3 Nxe4 5. Nc3 Nxc3 6. dxc3 Be7 7. Be3 Nc6 8.
Bd3 O-O 9. Qe2 Be6 10. O-O-O Qd7 11. h4 Bf5 12. Rdg1 Rfe8 13. Bxf5 Qxf5 14. g4
Qe6 15. Kb1 Ne5 16. Nd4 Qc4 17. Qd1 Qd5 18. b3 b5 19. f4 Nc6 20. Nf5 Qxd1+ 21.
Rxd1 g6 22. Nxe7+ Rxe7 23. Bc1 Rae8 24. h5 Re2 25. f5 R8e4 26. hxg6 fxg6 27.
fxg6 hxg6 28. g5 Ne5 29. Rdf1 Rg2 30. Rf6 Ree2 31. Rhf1 Kg7 32. Rf8 Rg1 33. Rxg1
Kxf8 34. Rf1+ Kg7 35. Rf4 Rg2 36. a4 a6 37. axb5 axb5 38. Rd4 Nf7 39. Kb2 Nxg5
40. c4 bxc4 41. Rxc4 Ne6 42. b4 Kf6 43. b5 g5 44. Be3 Re2 45. Rc3 g4 46. b6 cxb6
47. Bxb6 Kf5 48. Rd3 Ke5 49. Kb3 d5 50. c3 Re1 51. Ba7 Rb1+ 52. Kc2 Ra1 53. Bb8+
Ke4 54. Rg3 Kf5 55. Rd3 Ra2+ 56. Kb1 Ra5 57. Kc2 Ng5 58. Rd4 Ne6 59. Rd1 Ng5 60.
Rd4 Rb5 61. Rf4+ Kg6 62. Be5 Kh5 63. Rf5 d4 64. cxd4 g3 65. Rxg5+ Kxg5 66. Bxg3
Kf5 67. Kc3 Ke4 68. Be5 Rxe5 69. dxe5 Kxe5 1/2-1/2

[Event "IMSA World Masters Rapid"]
[Site "Hengshui CHN"]
[Date "2019.05.15"]
[Round "5.7"]
[White "Mamedov, Rauf"]
[Black "Rapport, Richard"]
[Result "0-1"]
[WhiteTitle "GM"]
[BlackTitle "GM"]
[WhiteElo "2650"]
[BlackElo "2736"]
[WhiteFideId "13401653"]
[BlackFideId "738590"]
[EventDate "2019.05.14"]

1. g3 g6 2. Bg2 Bg7 3. Nf3 e5 4. d3 Ne7 5. c4 d6 6. Nc3 Nbc6 7. Rb1 a6 8. e4 b5
9. b3 O-O 10. h4 Bg4 11. Ne2 h5 12. Nh2 Be6 13. Nf1 Qd7 14. Ne3 Rab8 15. Nd5 a5
16. O-O Nb4 17. Bd2 Nxd3 18. Nxe7+ Qxe7 19. cxb5 Nc5 20. a4 c6 21. Nc3 Rfc8 22.
Be3 Bd7 23. bxc6 Bxc6 24. Nd5 Qe6 25. Bxc5 dxc5 26. Ne3 Rb4 27. Qc2 Bf8 28. Rfd1
c4 29. Nxc4 Bxa4 30. Bf1 Bb5 31. Rd5 a4 32. Qd1 axb3 33. Rxe5 Qf6 34. Rxb5 Rxb5
35. Rxb3 Rxb3 36. Qxb3 Bc5 37. Ne3 Bd4 38. Kg2 Rc3 39. Qb8+ Kg7 40. Nd1 Qf3+ 0-1

[Event "IMSA World Masters Rapid"]
[Site "Hengshui CHN"]
[Date "2019.05.15"]
[Round "6.1"]
[White "Korobov, Anton"]
[Black "Dominguez Perez, Leinier"]
[Result "1-0"]
[WhiteTitle "GM"]
[BlackTitle "GM"]
[WhiteElo "2687"]
[BlackElo "2750"]
[WhiteFideId "14105730"]
[BlackFideId "3503240"]
[EventDate "2019.05.14"]

1. d4 Nf6 2. c4 e6 3. Nc3 d5 4. cxd5 Nxd5 5. e4 Nxc3 6. bxc3 c5 7. a3 cxd4 8.
cxd4 e5 9. d5 Bd6 10. Nf3 O-O 11. Be2 Nd7 12. Be3 Nc5 13. Nd2 b5 14. Rc1 Qe7 15.
Qc2 Nb7 16. Bxb5 Bxa3 17. Rb1 a5 18. O-O Nd6 19. Bc6 Ba6 20. Bxa8 Bxf1 21. Bc6
Ba6 22. Qa4 Nb7 23. Bxb7 Bxb7 24. Qxa5 Ra8 25. Qb6 Ba6 26. h3 Qd6 27. Qb3 h6 28.
Ra1 Be2 29. f3 Ra5 30. Kh2 Qb4 31. Qc2 Qb5 32. Qc8+ Kh7 33. Rb1 Qd3 34. Qf5+ Kg8
35. Rb3 Qc2 36. Rb8+ Bf8 37. d6 Rb5 38. Rc8 g6 39. d7 Qd3 1-0

[Event "IMSA World Masters Rapid"]
[Site "Hengshui CHN"]
[Date "2019.05.15"]
[Round "6.2"]
[White "Fedoseev, Vladimir3"]
[Black "Ponomariov, Ruslan"]
[Result "1/2-1/2"]
[WhiteTitle "GM"]
[BlackTitle "GM"]
[WhiteElo "2683"]
[BlackElo "2675"]
[WhiteFideId "24130737"]
[BlackFideId "14103320"]
[EventDate "2019.05.14"]

1. e4 e6 2. d4 d5 3. Nd2 c5 4. Ngf3 cxd4 5. exd5 Qxd5 6. Bc4 Qd7 7. O-O Nc6 8.
Nb3 Nf6 9. Nbxd4 a6 10. a4 Nxd4 11. Nxd4 Qc7 12. Qe2 Bc5 13. Nf3 O-O 14. Bg5 b6
15. Bd3 Bb7 16. Bxf6 gxf6 17. Be4 Rfd8 18. Rad1 Kg7 19. g3 a5 20. Bxb7 Qxb7 21.
b3 Rac8 22. Rd3 Rxd3 23. Qxd3 Bb4 24. c4 Be7 25. Rd1 Rd8 26. Qe2 Rxd1+ 27. Qxd1
Qe4 28. Ne1 Bc5 29. Nd3 Bd4 30. Nf4 f5 31. Ne2 Bf6 32. Nf4 Be5 33. Qd8 Bxf4 34.
gxf4 Qxf4 35. Qxb6 Qg4+ 36. Kf1 Qd1+ 37. Kg2 Qg4+ 38. Kf1 Qd1+ 39. Kg2 Qg4+ 40.
Kf1 Qd1+ 41. Kg2 Qg4+ 1/2-1/2

[Event "IMSA World Masters Rapid"]
[Site "Hengshui CHN"]
[Date "2019.05.15"]
[Round "6.3"]
[White "Vidit, Santosh Gujrathi"]
[Black "Le, Quang Liem"]
[Result "1/2-1/2"]
[WhiteTitle "GM"]
[BlackTitle "GM"]
[WhiteElo "2707"]
[BlackElo "2704"]
[WhiteFideId "5029465"]
[BlackFideId "12401137"]
[EventDate "2019.05.14"]

1. d4 Nf6 2. c4 e6 3. g3 c5 4. Nf3 cxd4 5. Nxd4 Qc7 6. Nc3 a6 7. Bg2 Qxc4 8. O-O
Nc6 9. Nb3 d5 10. Bf4 Qb4 11. Rc1 Be7 12. a3 Qb6 13. e4 dxe4 14. Nxe4 O-O 15.
Be3 Qc7 16. Bf4 e5 17. Nxf6+ Bxf6 18. Be3 Rd8 19. Qc2 Be6 20. Nc5 Bd5 21. Bxd5
Rxd5 22. Qb3 Rdd8 23. Qxb7 Qc8 24. Qxc8 Rdxc8 25. Nd7 Nd4 26. Kg2 Rd8 27. Rc7
Nb5 28. Nxf6+ gxf6 29. Rc6 Kg7 30. g4 Nd4 31. Rc4 Ne6 32. Rfc1 a5 33. Ra4 Rab8
34. b4 axb4 35. Rxb4 Rxb4 36. axb4 Rb8 37. Rb1 Nc7 38. Kf3 Nd5 39. Bd2 Kf8 40.
Ke4 Ke7 41. Kxd5 Rd8+ 42. Ke4 Rxd2 43. b5 Kd7 44. b6 Kc8 45. b7+ Kb8 46. Ke3 Rd4
47. f3 f5 48. gxf5 Rf4 49. Rb6 Rxf5 50. h4 Rh5 51. Ke4 f6 52. Rxf6 Kxb7 53. Rf5
Rxh4+ 54. Kxe5 h5 55. f4 Rh1 56. Kf6 h4 57. Rh5 h3 58. f5 h2 59. Kf7 Rf1 60.
Rxh2 Rxf5+ 1/2-1/2

[Event "IMSA World Masters Rapid"]
[Site "Hengshui CHN"]
[Date "2019.05.15"]
[Round "6.4"]
[White "Rapport, Richard"]
[Black "Gelfand, Boris"]
[Result "1/2-1/2"]
[WhiteTitle "GM"]
[BlackTitle "GM"]
[WhiteElo "2736"]
[BlackElo "2676"]
[WhiteFideId "738590"]
[BlackFideId "2805677"]
[EventDate "2019.05.14"]

1. e4 e5 2. f4 exf4 3. Nf3 d5 4. exd5 Nf6 5. Be2 Nxd5 6. c4 Nf6 7. d4 Bd6 8. c5
Be7 9. Nc3 O-O 10. Bxf4 Be6 11. O-O Nc6 12. Qd2 Nd5 13. Bg3 a6 14. Kh1 Qd7 15.
Rad1 Rad8 16. a3 f5 17. b4 Nxc3 18. Qxc3 Bd5 19. a4 f4 20. Bf2 Bf6 21. Bd3 Qf7
22. b5 axb5 23. axb5 Ne7 24. Qc2 Qh5 25. Bc4 Bxc4 26. Qxc4+ Qd5 27. Nd2 Ra8 28.
Rfe1 Ra2 29. Qd3 Qf7 30. Ne4 Nd5 31. Ra1 Rxa1 32. Rxa1 Qe6 33. Re1 Qf5 34. Qb3
Kh8 35. b6 cxb6 36. Nd6 Qh5 37. cxb6 h6 38. h3 f3 39. Qxf3 Qxf3 40. gxf3 Nxb6
41. Rb1 Nd5 42. Rxb7 Ra8 43. Ne4 Ra3 44. Nxf6 Nxf6 45. Kg2 Nd5 46. Rb5 Nf4+ 47.
Kg3 Ne2+ 48. Kg4 Rd3 49. Rd5 Kg8 50. h4 g6 51. Rd7 h5+ 52. Kg5 Rxf3 53. Be1 Rf7
54. Rd6 Kh7 55. Rxg6 Rf1 56. Re6 Rxe1 57. Re7+ Kg8 58. Kh6 Rd1 59. Rxe2 Rxd4 60.
Kxh5 Rd7 61. Rg2+ Rg7 62. Rxg7+ Kxg7 1/2-1/2

[Event "IMSA World Masters Rapid"]
[Site "Hengshui CHN"]
[Date "2019.05.15"]
[Round "6.5"]
[White "Andreikin, Dmitry"]
[Black "Yu, Yangyi"]
[Result "0-1"]
[WhiteTitle "GM"]
[BlackTitle "GM"]
[WhiteElo "2722"]
[BlackElo "2739"]
[WhiteFideId "4158814"]
[BlackFideId "8603820"]
[EventDate "2019.05.14"]

1. e4 e5 2. Nf3 Nc6 3. Nc3 Nf6 4. Bb5 Nd4 5. O-O c6 6. Bd3 Nxf3+ 7. Qxf3 d6 8.
Be2 Be7 9. d3 O-O 10. Qg3 Be6 11. Kh1 Kh8 12. f4 exf4 13. Bxf4 d5 14. Bc7 Qd7
15. Be5 d4 16. Nb1 Ne8 17. h4 f6 18. Bf4 Nd6 19. Nd2 c5 20. h5 Nf7 21. Nf3 Rae8
22. Rf2 Bd6 23. h6 g5 24. Bxd6 Qxd6 25. Qxd6 Nxd6 26. Raf1 Nf7 27. b4 b6 28.
bxc5 bxc5 29. Nd2 Nxh6 30. Bh5 Re7 31. Rxf6 Rxf6 32. Rxf6 Kg7 33. Rf1 Bg4 34.
Bxg4 Nxg4 35. Nc4 Rf7 36. Re1 Rf2 37. e5 Kf7 38. Nd6+ Ke7 39. Nc8+ Ke6 40. Nxa7
Rxc2 41. a4 Nf2+ 42. Kh2 Nxd3 43. Ra1 Nb2 44. Nb5 d3 45. Nc7+ Kxe5 46. a5 d2 47.
a6 d1=Q 48. Rxd1 Nxd1 49. a7 Ra2 0-1

[Event "IMSA World Masters Rapid"]
[Site "Hengshui CHN"]
[Date "2019.05.15"]
[Round "6.6"]
[White "Jones, Gawain C B"]
[Black "Cheparinov, Ivan"]
[Result "1/2-1/2"]
[WhiteTitle "GM"]
[BlackTitle "GM"]
[WhiteElo "2702"]
[BlackElo "2667"]
[WhiteFideId "409561"]
[BlackFideId "2905540"]
[EventDate "2019.05.14"]

1. e4 e5 2. Nf3 Nc6 3. Bc4 Bc5 4. O-O Nf6 5. d3 d6 6. a4 a5 7. c3 O-O 8. Nbd2 h6
9. Re1 Be6 10. Qb3 Qd7 11. Nf1 Bxc4 12. Qxc4 Ba7 13. Be3 Ne7 14. Ng3 Bxe3 15.
fxe3 Ng6 16. d4 Rfe8 17. Qb3 Qc6 18. Qb5 Ra6 19. Nd2 Rb6 20. Qxc6 Rxc6 21. d5
Ra6 22. Nc4 h5 23. Rf1 h4 24. Rxf6 gxf6 25. Nh5 Rb8 26. Rf1 Raa8 27. Nxf6+ Kg7
28. Na3 Rd8 29. Nh5+ Kh6 30. g4 hxg3 31. Nxg3 Kg7 32. Nb5 Rd7 33. Nh5+ Kh6 34.
Nf6 Re7 35. Kg2 Rh8 36. Kg3 Kg7 37. Rf5 Kf8 38. Na3 Kg7 39. Nc4 Ra8 40. h4 Nf8
41. Nh5+ Kh6 42. Kh3 Nh7 43. Ng3 Rd7 44. Rf2 Kg7 45. Nf5+ Kh8 46. Nh6 Kg7 47.
Nf5+ Kh8 48. Nh6 Kg7 1/2-1/2

[Event "IMSA World Masters Rapid"]
[Site "Hengshui CHN"]
[Date "2019.05.15"]
[Round "6.7"]
[White "Leko, Peter"]
[Black "Bu, Xiangzhi"]
[Result "1/2-1/2"]
[WhiteTitle "GM"]
[BlackTitle "GM"]
[WhiteElo "2674"]
[BlackElo "2729"]
[WhiteFideId "703303"]
[BlackFideId "8601445"]
[EventDate "2019.05.14"]

1. e4 e5 2. Nf3 Nf6 3. Nxe5 d6 4. Nf3 Nxe4 5. Bd3 Nf6 6. O-O Be7 7. Re1 O-O 8.
Bf1 Re8 9. d4 Nbd7 10. c4 Nf8 11. h3 c6 12. Nc3 Bf5 13. d5 c5 14. Bf4 Ng6 15.
Bh2 a6 16. Nd2 Bf8 17. Rxe8 Nxe8 18. a4 Be7 19. Nde4 Nf6 20. Bd3 Nxe4 21. Bxe4
Bd7 22. Bd3 Bf6 23. Qc2 Qb6 24. Re1 Re8 25. Rxe8+ Bxe8 26. Bxg6 hxg6 27. Ne4 Be7
28. b3 Bd7 29. Bf4 Bf5 30. g4 Bxe4 31. Qxe4 Kf8 32. Qd3 Qd8 33. Kg2 Bg5 34. Bh2
Bf6 35. Qe4 Qe7 36. Kf3 Qxe4+ 37. Kxe4 Ke7 38. Bf4 a5 39. Be3 b6 40. f4 Bh4 41.
Bd2 f6 42. Bc3 Kf7 43. Bd2 Ke7 44. Bc3 Kf7 45. Bd2 Ke7 46. Bc3 1/2-1/2

[Event "IMSA World Masters Rapid"]
[Site "Hengshui CHN"]
[Date "2019.05.15"]
[Round "7.2"]
[White "Dominguez Perez, Leinier"]
[Black "Vidit, Santosh Gujrathi"]
[Result "1/2-1/2"]
[WhiteTitle "GM"]
[BlackTitle "GM"]
[WhiteElo "2750"]
[BlackElo "2707"]
[WhiteFideId "3503240"]
[BlackFideId "5029465"]
[EventDate "2019.05.14"]

1. e4 e5 2. Nf3 Nc6 3. Bc4 Bc5 4. c3 Nf6 5. d3 O-O 6. Nbd2 d5 7. exd5 Nxd5 8.
Ne4 Be7 9. O-O Kh8 10. Re1 f6 11. Ng3 Na5 12. Bb5 c5 13. d4 cxd4 14. cxd4 Bb4
15. Re4 Nc7 16. Bd3 Be7 17. dxe5 f5 18. Re1 Nc6 19. a3 Be6 20. Qc2 Qd7 21. Bg5
Bxg5 22. Nxg5 Nd4 23. Qd1 Rad8 24. Qh5 g6 25. Qh4 Qe7 26. Qh6 Bb3 27. Rac1 Nce6
28. Nxe6 Nxe6 29. Bc4 Bxc4 30. Rxc4 Rd3 31. h4 Rfd8 32. h5 Qf8 33. Qxf8+ Rxf8
34. hxg6 hxg6 35. Ne2 Rfd8 36. Nf4 Rd1 37. Kf1 Nxf4 38. Rxf4 Rxe1+ 39. Kxe1 Re8
40. Rh4+ Kg7 41. f4 g5 42. Rh5 gxf4 43. Rxf5 Kg6 44. Rxf4 Rxe5+ 45. Kd2 Rg5 46.
Rf2 Rg3 47. Kc2 b5 48. Rd2 Kf6 49. Rd5 b4 50. a4 b3+ 51. Kd2 Ke6 52. Rd3 Rxg2+
53. Kc3 Rg4 54. Kxb3 a5 55. Rh3 Rg5 56. Rd3 Rd5 57. Rh3 Kd6 58. Rh6+ Kc7 59. Kc4
Rg5 60. b3 Kb7 61. Rd6 Rg4+ 62. Rd4 Rg3 63. Rd3 Rg4+ 64. Kc5 Rb4 65. Rd7+ Kb8
66. Rd3 Kb7 67. Kd6 Kb6 68. Rc3 Rd4+ 69. Ke5 Rb4 70. Kd5 Kb7 71. Kc5 Ka6 72. Re3
Kb7 73. Rf3 Ka6 74. Kc6 Rb6+ 75. Kc7 Rb7+ 76. Kc8 Rb4 77. Re3 Ka7 78. Kc7 Rb7+
79. Kc6 Rb6+ 80. Kc5 Rb4 81. Rd3 1/2-1/2